[Event "MSR_ch20"]
[Site "?"]
[Date "2024.04.07"]
[Round "4.22"]
[White "Duda, Daniel"]
[Black "Ondrejicka, Tomas"]
[Result "1-0"]
[BlackElo "1530"]
[WhiteElo "1654"]
[LiveChessVersion "1.4.8"]

1. b3 {[%clk 1:30:59]} e5 {[%clk 1:30:42]} 2. Bb2 {[%clk 1:31:15]} Nc6
{[%clk 1:31:05]} 3. e3 {[%clk 1:31:39]} Nf6 {[%clk 1:29:57]} 4. Bb5
{[%clk 1:31:40]} Bd6 {[%clk 1:29:53]} 5. Na3 {[%clk 1:31:51]} a6 {[%clk 1:29:11]}
6. Bxc6 {[%clk 1:31:39]} dxc6 {[%clk 1:29:13]} 7. Nc4 {[%clk 1:30:48]} Qe7
{[%clk 1:27:30]} 8. d4 {[%clk 1:27:12]} exd4 {[%clk 1:25:01]} 9. Qxd4
{[%clk 1:26:19]} Bb4+ {[%clk 1:20:02]} 10. c3 {[%clk 1:25:57]} Bc5
{[%clk 1:18:34]} 11. Qd3 {[%clk 1:17:00]} Be6 {[%clk 1:16:56]} 12. Ne2
{[%clk 1:14:59]} Bd5 {[%clk 1:14:54]} 13. Nf4 {[%clk 1:12:54]} O-O-O
{[%clk 1:13:56]} 14. Qf5+ {[%clk 1:09:26]} Kb8 {[%clk 1:11:39]} 15. Nd2
{[%clk 1:06:09]} Be4 {[%clk 1:06:01]} 16. Nxe4 {[%clk 1:01:18]} Nxe4
{[%clk 1:05:31]} 17. O-O {[%clk 1:00:18]} g6 {[%clk 1:00:50]} 18. Qh3
{[%clk 0:59:04]} Ba3 {[%clk 0:59:17]} 19. Bxa3 {[%clk 0:56:01]} Qxa3
{[%clk 0:59:25]} 20. Ne2 {[%clk 0:55:35]} Qb2 {[%clk 0:58:56]} 21. Qf3
{[%clk 0:55:47]} Nd2 {[%clk 0:59:03]} 22. Qg4 {[%clk 0:55:07]} Nxf1
{[%clk 0:59:24]} 23. Rxf1 {[%clk 0:54:43]} Rd2 {[%clk 0:59:54]} 24. Nd4
{[%clk 0:52:58]} Qxc3 {[%clk 0:59:18]} 25. Qd7 {[%clk 0:53:07]} f5
{[%clk 0:57:00]} 26. Qg7 {[%clk 0:51:32]} Re8 {[%clk 0:54:31]} 27. a4
{[%clk 0:50:21]} c5 {[%clk 0:53:32]} 28. Nc6+ {[%clk 0:50:41]} bxc6
{[%clk 0:53:30]} 29. Qxc3 {[%clk 0:50:54]} Red8 {[%clk 0:53:41]} 30. Qxc5
{[%clk 0:46:35]} Kb7 {[%clk 0:53:24]} 31. g3 {[%clk 0:45:03]} R8d5
{[%clk 0:52:34]} 32. Qb4+ {[%clk 0:44:27]} Ka7 {[%clk 0:52:34]} 33. Rc1
{[%clk 0:43:18]} Rd1+ 34. Rxd1 {[%clk 0:43:10]} Rxd1+ {[%clk 0:52:40]} 35. Kg2
{[%clk 0:43:28]} Rd5 {[%clk 0:52:35]} 36. Qe7 {[%clk 0:43:27]} Kb7
{[%clk 0:52:25]} 37. Qxh7 {[%clk 0:43:29]} Rd3 {[%clk 0:52:34]} 38. Qf7
{[%clk 0:42:53]} Rd6 {[%clk 0:52:46]} 39. h4 {[%clk 0:42:13]} a5 {[%clk 0:52:39]}
40. h5 {[%clk 0:41:08]} gxh5 {[%clk 0:52:55]} 41. Qxf5 {[%clk 0:41:33]} Rd5
{[%clk 0:53:15]} 42. e4 {[%clk 0:38:44]} Rxf5 {[%clk 0:53:17]} 43. exf5
{[%clk 0:39:08]} Kc8 {[%clk 0:53:39]} 44. f3 {[%clk 0:39:16]} Kd7
{[%clk 0:53:57]} 45. g4 {[%clk 0:39:38]} hxg4 {[%clk 0:54:10]} 46. fxg4
{[%clk 0:40:05]} Ke7 {[%clk 0:54:30]} 47. g5 {[%clk 0:40:22]} Kf7
{[%clk 0:54:21]} 48. Kf3 {[%clk 0:40:34]} Kg7 {[%clk 0:54:46]} 49. Ke4
{[%clk 0:40:56]} Kf7 {[%clk 0:55:08]} 50. Kd4 {[%clk 0:41:19]} Ke7
{[%clk 0:55:15]} 51. Kc5 {[%clk 0:41:42]} 1-0

[Event "MSR_ch20"]
[Site "?"]
[Date "2024.04.07"]
[Round "4.23"]
[White "Mitas, Daniel"]
[Black "Richnak, Michal"]
[Result "1/2-1/2"]
[BlackElo "1626"]
[WhiteElo "1614"]
[LiveChessVersion "1.4.8"]

1. d4 c6 2. e4 {[%clk 1:30:09]} d5 {[%clk 1:30:27]} 3. f3 {[%clk 1:30:21]} Nd7
{[%clk 1:29:46]} 4. Nc3 {[%clk 1:28:13]} h6 5. exd5 {[%clk 1:28:13]} cxd5
{[%clk 1:29:45]} 6. Nxd5 {[%clk 1:24:51]} Ngf6 {[%clk 1:29:37]} 7. Nxf6+
{[%clk 1:24:51]} Nxf6 {[%clk 1:29:37]} 8. Bd3 {[%clk 1:24:51]} e6
{[%clk 1:29:37]} 9. Ne2 {[%clk 1:24:53]} Bd6 {[%clk 1:29:24]} 10. O-O
{[%clk 1:24:44]} Qc7 {[%clk 1:29:13]} 11. f4 {[%clk 1:22:15]} b6 {[%clk 1:29:04]}
12. Bb5+ Nd7 13. c4 {[%clk 1:18:29]} O-O {[%clk 1:28:21]} 14. Bd2
{[%clk 1:18:25]} a6 {[%clk 1:28:02]} 15. Bxd7 {[%clk 1:17:35]} Bxd7
{[%clk 1:28:18]} 16. Rc1 {[%clk 1:17:43]} Qb7 {[%clk 1:27:29]} 17. Rf3
{[%clk 1:13:26]} Bc6 {[%clk 1:27:32]} 18. Rg3 {[%clk 1:13:48]} f5
{[%clk 1:27:41]} 19. Bc3 {[%clk 1:13:57]} Rf7 {[%clk 1:27:28]} 20. Qb3
{[%clk 1:09:30]} Qc7 {[%clk 1:26:31]} 21. d5 {[%clk 1:05:42]} Bc5+
{[%clk 1:26:41]} 22. Kh1 {[%clk 1:03:17]} exd5 {[%clk 1:26:48]} 23. cxd5
{[%clk 1:03:27]} Bb5 {[%clk 1:27:01]} 24. Be5 {[%clk 1:03:22]} Qd7
{[%clk 1:26:42]} 25. Nc3 {[%clk 1:02:25]} Kh7 {[%clk 1:25:23]} 26. d6
{[%clk 1:00:10]} Bf2 {[%clk 1:24:43]} 27. Rf3 {[%clk 0:58:27]} Bc5
{[%clk 1:24:45]} 28. Nd5 {[%clk 0:56:56]} Bc6 {[%clk 1:21:08]} 29. Rh3
{[%clk 0:52:38]} Qe6 {[%clk 1:20:55]} 30. Rd1 {[%clk 0:46:21]} g5
{[%clk 1:15:35]} 31. Nc7 {[%clk 0:42:39]} Qxb3 {[%clk 1:15:31]} 32. axb3
{[%clk 0:43:36]} Ra7 {[%clk 1:15:25]} 33. Rhd3 {[%clk 0:43:13]} Be4
{[%clk 1:15:27]} 34. d7 {[%clk 0:42:43]} Be7 {[%clk 1:15:02]} 35. d8=Q
{[%clk 0:41:30]} Bxd8 {[%clk 1:15:14]} 36. Rxd8 {[%clk 0:41:51]} Kg6
{[%clk 1:14:27]} 37. R1d6+ {[%clk 0:41:05]} Kh5 {[%clk 1:14:35]} 38. Ne6
{[%clk 0:40:22]} Kg4 {[%clk 1:13:38]} 39. fxg5 {[%clk 0:39:33]} hxg5
{[%clk 1:12:58]} 40. h3+ {[%clk 0:38:57]} Kh4 {[%clk 1:12:21]} 41. Rh8+
{[%clk 0:38:57]} Rh7 {[%clk 1:12:39]} 42. Rxh7+ {[%clk 0:39:10]} Rxh7
{[%clk 1:13:00]} 43. Kh2 {[%clk 0:38:31]} f4 44. Nf8 {[%clk 0:37:10]} Rh5
{[%clk 1:11:52]} 45. g3+ {[%clk 0:37:11]} fxg3+ {[%clk 1:11:59]} 1/2-1/2